Využívanie videokonferencií vo vzdelávaní

Bibliographic Details
Main Author: Kultan, Jaroslav, 1960- (Author)
Format: Article
Language:Slovak
ISBN:9788080833671
Subjects:

MARC

LEADER 00000nab a2200000 ar4500
001 vtls009004704
003 SK-MaSNL
005 20260303065644.0
008 070703|2007 xo u|me|||||||00 ||slo
015 |a SNBRA2007/07 
038 |a SNKBUCL 
040 |a SNKBUCL  |b slo  |c SNKBUCL  |e AACR2 
041 0 |a slo 
044 |a xo  |c SK 
080 |a 372.800.4  |2 1997 
080 |a 004  |2 1997 
100 1 |a Kultan, Jaroslav,  |d 1960-  |4 aut  |9 10770 
245 1 0 |a Využívanie videokonferencií vo vzdelávaní  |c Jaroslav Kultan 
504 |a Bibliogr. odkazy 
611 2 7 |a DidInfo  |n (13. :  |d 2007 :  |c Banská Bystrica, Slovensko)  |2 snkbucl  |9 102354 
650 0 7 |a informatika  |2 snkbucl  |9 1124 
650 0 7 |a vyučovanie  |2 snkbucl  |9 1522 
650 0 7 |a videokonferencie  |2 snkbucl  |9 318933 
773 0 |t DidInfo 2007  |d Banská Bystrica : Fakulta prírodných vied UMB, 2007  |g S. 49  |z 9788080833671 
852 |a SNK  |b KIS3GCP 
958 |a SK 
958 |a NB 
999 |c 1752076  |d 1754006